LEADER 04712nam 2200685 450 001 996234835403316 005 20200917021826.0 010 $a1-61451-695-2 010 $a1-61451-969-2 024 7 $a10.1515/9781614516958 035 $a(CKB)3710000000543538 035 $a(EBL)4229132 035 $a(SSID)ssj0001637691 035 $a(PQKBManifestationID)16396227 035 $a(PQKBTitleCode)TC0001637691 035 $a(PQKBWorkID)14956511 035 $a(PQKB)10866401 035 $a(DE-B1597)426804 035 $a(OCoLC)951149916 035 $a(DE-B1597)9781614516958 035 $a(Au-PeEL)EBL4229132 035 $a(CaPaEBR)ebr11137139 035 $a(CaONFJC)MIL881736 035 $a(OCoLC)935254146 035 $a(MiAaPQ)EBC4229132 035 $a(PPN)190966653 035 $a(EXLCZ)993710000000543538 100 $a20160127h20152015 uy 0 101 0 $afre 135 $aur|n|---||||| 181 $ctxt 182 $cc 183 $acr 200 10$aGe?ne?ration et substance $eAristote et Averroe?s entre physique et me?taphysique /$fde Cristina Cerami 210 1$aBoston, [Massachusetts] ;$aBerlin, [Germany] :$cDe Gruyter,$d2015. 210 4$d©2015 215 $a1 online resource (748 p.) 225 1 $aScientia Graeco-Arabica,$x1868-7172 ;$vBand 18 300 $aDescription based upon print version of record. 311 $a1-61451-777-0 320 $aIncludes bibliographical references and indexes. 327 $tFrontmatter -- $tTable de matières -- $tIntroduction -- $tChapitre I: La génération substantielle dans le corpus philosophique d?Aristote: les critères d?une étude systémique -- $tChapitre II: Les premières causes de la nature et du mouvement naturel dans son ensemble -- $tChapitre III: Du général au spécifique: l?étude de la génération substantielle dans ses caractéristiques propres -- $tChapitre IV: La mise en ?uvre de l?étude de la génération substantielle: la génération animale -- $tChapitre V: Le quelque chose qui vient à être: substance et génération de la substance dans le livre Z de la Métaphysique -- $tConclusion: Fondements et résultats de l?étude de la génération d?Aristote -- $tChapitre VI: L?étude de la génération substantielle et l?ordre du corpus physique d?après Averroès -- $tChapitre VII: Les racines universelles de la nature: l?étude générale de la génération -- $tChapitre VIII: La voie vers le plus parfait. L?étude propre de la génération substantielle: des éléments aux êtres vivants -- $tChapitre IX: La noblesse de l?être: physique, ontologie et théologie dans le Grand Commentaire de la Métaphysique -- $tConclusion: D?Aristote à Averroès. La théorie de la génération au c?ur du néo-aristotélisme -- $tBibliographie -- $tIndex des lieux -- $tIndex des termes grecs -- $tIndex des termes arabes -- $tIndex des termes latins 330 $aCe livre constitue la première étude du rôle de la génération dans les systèmes philosophiques d?Aristote et d?Averroès (1126-1198). En s?appuyant sur de nombreux textes traduits du grec, de l?arabe et du latin, l?auteur propose une nouvelle lecture de la théorie aristotélicienne de la génération, ainsi qu?une interprétation de son renouvellement par le Commentateur. Les traités majeurs consacrés par Averroès à la physique générale, à la théorie des éléments et à la biologie d?Aristote sont, pour la première fois, examinés dans leur rapport mutuel et dans celui qu?ils entretiennent à la métaphysique. Cette étude transversale révèle les nouveaux enjeux philosophiques et épistémologiques au fondement du système d?Averroès : dans la lignée de l?aristotélisme essentialiste d?Alexandre d?Aphrodise et tout en réfutant la doctrine créationniste de certains théologiens de l?Islam, le philosophe cordouan établit le fondement a posteriori de tout savoir humain. La philosophie d?Averroès est ainsi réinterprétée comme un jalon fondamental d?une histoire qui, du monde grec à la modernité, scelle le destin commun de la philosophie naturelle et de la métaphysique. 410 0$aScientia Graeco-Arabica ;$vBand 18. 606 $aSubstance (Philosophy) 610 $aAristotle. 610 $aAverroès. 610 $ageneration. 610 $ahistory of philosophy. 610 $asubstance. 615 0$aSubstance (Philosophy) 676 $a111.1 700 $aCerami$b Cristina$01021005 801 0$bMiAaPQ 801 1$bMiAaPQ 801 2$bMiAaPQ 906 $aBOOK 912 $a996234835403316 996 $aGe?ne?ration et substance$92417722 997 $aUNISA LEADER 03641nam 22006135 450 001 9910631084803321 005 20251009072135.0 010 $a981-19-7146-3 024 7 $a10.1007/978-981-19-7146-4 035 $a(MiAaPQ)EBC7143443 035 $a(Au-PeEL)EBL7143443 035 $a(CKB)25402359900041 035 $a(PPN)26635274X 035 $a(DE-He213)978-981-19-7146-4 035 $a(OCoLC)1354207078 035 $a(EXLCZ)9925402359900041 100 $a20221118d2023 u| 0 101 0 $aeng 135 $aurcnu|||||||| 181 $ctxt$2rdacontent 182 $cc$2rdamedia 183 $acr$2rdacarrier 200 10$aAdvances in Processing of Lightweight Metal Alloys and Composites $eMicrostructural Characterization and Property Correlation /$fedited by R. Vaira Vignesh, R. Padmanaban, M. Govindaraju 205 $a1st ed. 2023. 210 1$aSingapore :$cSpringer Nature Singapore :$cImprint: Springer,$d2023. 215 $a1 online resource (469 pages) 225 1 $aMaterials Horizons: From Nature to Nanomaterials,$x2524-5392 311 08$aPrint version: Vignesh, R. Vaira Advances in Processing of Lightweight Metal Alloys and Composites Singapore : Springer,c2022 9789811971457 327 $aIntroduction to Lightweight Metallic Materials -- Instrumental Characterization of Light Weight Metal Alloys and Composites -- Severe plastic deformation processing of aluminum alloys -- Solid-state welding of aluminum alloys -- Aluminum metal matrix composite for automotive and aircraft applications -- Aluminum metal matrix composite for automotive and aircraft applications -- Heat treatment of aluminum metal matrix composites -- Surface engineered (coating or modification) aluminum alloys for automotive, aircraft, and industrial applications -- Severe plastic deformation processing of magnesium alloys -- Solid-state welding of magnesium alloys. . 330 $aThis book covers the most important aspects of lightweight metal alloys including history, physical metallurgy, overview of production technologies, alloy development, compositing, post-processing (heat treatment, surface engineering, bulk-deformation), and joining methodologies. It discusses the microstructural evolution, fractography, morphology of corroded and worn surface to enable easy understanding of the mechanism. The topics covered in this book include lightweight metallic materials, instrumental characterization of light weight metal alloys and composites, severe plastic deformation processing of aluminum alloys, solid-state welding of aluminum alloys, aluminum metal matrix composite for automotive and aircraft applications, and heat treatment of aluminum metal matrix composites. The book is highly useful for students, researchers, academicians, scientists, and engineers working on lightweight materials. 410 0$aMaterials Horizons: From Nature to Nanomaterials,$x2524-5392 606 $aMetals 606 $aComposite materials 606 $aBuilding materials 606 $aMetals and Alloys 606 $aComposites 606 $aStructural Materials 615 0$aMetals. 615 0$aComposite materials. 615 0$aBuilding materials. 615 14$aMetals and Alloys. 615 24$aComposites. 615 24$aStructural Materials. 676 $a669.94 702 $aVignesh$b R. Vaira 702 $aGovindaraju$b M. 702 $aPadmanaban$b R. 801 0$bMiAaPQ 801 1$bMiAaPQ 801 2$bMiAaPQ 906 $aBOOK 912 $a9910631084803321 996 $aAdvances in Processing of Lightweight Metal Alloys and Composites$92965633 997 $aUNINA